00572nam a2200205Ia 450000500170000000800410001702000180005804000190007604100120009508200180010710000210012524500640014626000320021030000130024250400500025565000150030565100160032070000200033685000100035620220929153132.0131103s9999 xx 000 0 und d aSBN 422986003 aLoreto College aEnglish a150.1943bSUP aSuper, Donald E. aOccupational psychologycDonald E. Super and Martin J. Bohn aLondonbTavistock Pubc1971 aix,209p  aIncludes bibliographical references and index aPsychology aBehaviorism aBohn, Martin J. aLCLIB